| 000 | 00334nam a22001337a 4500 | ||
|---|---|---|---|
| 008 | 181031b xxu||||| |||| 00| 0 eng d | ||
| 020 | _a0442234244 | ||
| 041 | _aeng | ||
| 080 | _a720 | ||
| 100 | _a42 | ||
| 101 | _aARK | ||
| 245 |
_aToday's Architectural Mirror: Interiors, Buildings, and Solar Designs _cHeyne,P |
||
| 942 |
_2udc _cBK |
||
| 999 |
_c51214 _d51214 |
||